000 00857nam a2200181 a 4500
008 120416s1998 ||||||||||||||||| || u
020 _a8170249848
050 _aHD 31 Ahm
100 _aAhmad, Khaliq
245 1 0 _aEffective management
260 _aNew Delhi
_bA.P.H. Publishing corporation
_c1998
350 _a0.00
650 _aEFFECTIVE MANAGEMENT
650 0 _aMANAGEMENT
995 _aBINDERY (DAMAGED)
_D0.00
_e733052
_FCBU-MAIN LIBRARY (Kitwe)
_H1
_I40.00
_jHD 31 Ahm
_M1
_UDAMAGED
_y44500
_ZMain Library Open Access Collection
995 _aMAIN LIBRARY OPEN ACCESS
_D0.00
_e733051
_FCBU-MAIN LIBRARY (Kitwe)
_H2
_I40.00
_jHD 31 Ahm
_M2
_UAVAILABLE
_WApr 26, 2006
_y44497
_ZMain Library Open Access Collection
995 _aMAIN LIBRARY OPEN ACCESS
_D0.00
_e733050
_FCBU-MAIN LIBRARY (Kitwe)
_H3
_I40.00
_jHD 31 Ahm
_M3
_ULOST
_y733050
_ZMain Library Open Access Collection
999 _c75767
_d75767